000 00328nam a22001337a 4500
008 250320b |||||||| |||| 00| 0 eng d
020 _a0883120372
050 _aPL8273
_b.A35
100 _aADIVE, R. John
245 _aThe Verbal Plece in Ebira
260 _aNigeria
_bSummer Institute
_c1990
300 _axii,164p.
942 _cBK
999 _c2541
_d2541